| 000 | 00487nam a2200181Ia 4500 | ||
|---|---|---|---|
| 008 | 140626s9999 xx 000 0 und d | ||
| 100 | _aNishime, Leilani. | ||
| 245 |
_aMultiracial naming from Plessy to Tiger Woods / _c Leilani.Nishime |
||
| 260 | _cc2012. | ||
| 300 | _a22 : 1, page 92 | ||
| 440 | _aCommunication Theory | ||
| 521 | _aMC | ||
| 650 | _aCablinasian. | ||
| 650 | _aCommunication theory. | ||
| 650 | _aMedia. | ||
| 650 | _aMultiracial differences. | ||
| 942 | _cSE | ||
| 999 |
_c121251 _d121251 |
||